000
00249nam a2200097Ia 4500
001
649549
005
20250826153744.0
008
250824s9999 xx 000 0 und d
245
0
_a
ŞİPŞAK HİKAYELER 3 KİMİM BEN?
_c
BERNARD FRIOT
260
_b
TUDEM
999
_c
649549
_d
649549